La revolución gloriosa un ensayo de regeneración nacional (1868-1874) : antología de textos /
Uloženo v:
| Další autoři: | , |
|---|---|
| Médium: | Elektronický zdroj E-kniha |
| Jazyk: | španělština |
| Vydáno: |
Madrid :
Biblioteca Nueva,
c2005.
|
| Edice: | Colección Historia (Biblioteca Nueva (Firm)).
|
| Témata: | |
| On-line přístup: | Digitalia Hispánica |
| Tagy: |
Přidat tag
Žádné tagy, Buďte první, kdo vytvoří štítek k tomuto záznamu!
|
MARC
| LEADER | 00000nam a2200000Ii 4500 | ||
|---|---|---|---|
| 001 | DIGBN02683 | ||
| 003 | NyNyDIG | ||
| 006 | m o d | ||
| 007 | cr ||||||||||| | ||
| 008 | 100625s2005 sp a ob 001 0 spa d | ||
| 020 | |z 8497423437 | ||
| 020 | |z 9788497423434 | ||
| 035 | |a (OCoLC)656287649 | ||
| 040 | |a DGITA |b eng |e pn |c DGITA | ||
| 043 | |a e-sp--- | ||
| 050 | 1 | 4 | |a DP224 eBook |
| 245 | 0 | 3 | |a La revolución gloriosa |b un ensayo de regeneración nacional (1868-1874) : antología de textos / |c [editado por] Gregorio de la Fuente Monge, Rafael Serrano García. |
| 264 | 1 | |a Madrid : |b Biblioteca Nueva, |c c2005. | |
| 300 | |a 1 online resource (414 pages) : |b ill. | ||
| 336 | |a text |b txt |2 rdacontent | ||
| 337 | |a computer |b c |2 rdamedia | ||
| 338 | |a online resource |b cr |2 rdacarrier | ||
| 490 | 1 | |a Colección Historia Biblioteca Nueva. | |
| 504 | |a Includes bibliographical references (p. 379-381) and index. | ||
| 505 | 0 | |a Introducción -- 1. El "29 de septiembre" libertad, soberanía nacional y legitimación popular -- 2. Derechos y ampliación de la ciudadanía -- 3. Libertades y progreso secularizador del siglo -- 4. Cargas del estado y dignidad humana -- 5. Democracia y formas de gobierno -- 6. Libertad, patria y formas de estado -- 7. Mitos, conmemoraciones, lugares y símbolos -- Cronología -- Historiografía y fuentes -- Bibliografía -- Índice onomástico -- Índice analítico. | |
| 651 | 0 | |a Spain |x History |y Revolutionary period, 1868-1875 |v Sources. | |
| 651 | 0 | |a Spain |x Politics and government |y 1868-1875 |v Sources. | |
| 655 | 0 | |a Electronic books. | |
| 700 | 1 | |a Fuente Monge, Gregorio de la. | |
| 700 | 1 | |a Serrano García, Rafael. | |
| 791 | 2 | |a Digitalia (Firm), |e distributor. | |
| 830 | 0 | |a Colección Historia (Biblioteca Nueva (Firm)). | |
| 793 | 0 | |g Digitalia eBook Collection: |a Biblioteca Nueva | |
| 856 | 4 | 0 | |3 Digitalia Hispánica |u https://digitalia.unach.elogim.com/a/58/ |
| 910 | |a Premium Collection: 2007-2012 | ||